00530 2200193 4500001002100000005001700021008004100038035002400079082001000103090001500113245005300128260002900181300002800210650004900238850001500287980001300302985000600315999001500321YOGYA-0209000003260420090227024710.0 ind  0010-020900000032604 a320.5 a320.5bBuk aBUKU petunjuk pelaksanaan permainan sumulasi P-4 aJakartabBP7 Pusatc1989 a11, 65 hlmbilusc21 cm aPedoman Penghayatan dan Pengamalan Pancasila aYOPDYOG(B) a25-12-06 a1 a06A0017313